000 00638nas a2200229 4500
001 BR0001363
003 BR-BrBNA
005 20231205101807.0
007 ta
008 230509b bl.|||p| |||| 00| 00por d
040 _aBR-BrBNA
_bpor
_cBiblioteca Nacional de Agricultura
041 _a(Pt)
072 _aL70
100 1 _aVianna, C.H.M.
245 1 _aContribuicao ao tratamento da Papilomatose bovina
650 _aBovino
650 _aPapilomatose
650 _aTratamento
773 0 _tRevista CFMV (Brazil)
_x
_g(Oct-Dec 1996), v. 2(7) p. 12-13
_wBR0001363
909 _a202311
_bLúcia
_c55
_dLúcia Elande
942 _2AGRIS
_n0
_cANA
999 _c163955
_d163955